[Event "CZE-chT2A 1819"]
[Site "Czech Republic"]
[Date "2018.10.14"]
[Round "1.3"]
[White "Borkovec, Milan"]
[Black "Bujak, Michal"]
[Result "1-0"]
[WhiteElo "2247"]
[BlackElo "2185"]
[PlyCount "73"]
[EventDate "2018.10.14"]
[EventType "team-tourn"]
[EventRounds "11"]
[EventCountry "CZE"]
[SourceTitle "EXT 2022"]
[Source "ChessBase"]
[SourceDate "2021.10.06"]
[SourceVersion "1"]
[SourceVersionDate "2021.10.06"]
[SourceQuality "1"]
[WhiteTeam "Tabor"]
[BlackTeam "Line"]
[WhiteTeamCountry "CZE"]
[BlackTeamCountry "CZE"]

1. e4 c5 2. Nf3 d6 3. d4 cxd4 4. Nxd4 Nf6 5. Nc3 a6 6. Bg5 e6 7. f4 Be7 8. Qf3 Qc7 9. 0-0-0 Nbd7 10. Bd3 b5 11. Rhe1 Bb7 12. Qg3 b4 13. Nd5 exd5 14. exd5 Kd8 15. Nc6+ Bxc6 16. dxc6 Qxc6 17. Bxf6 Nxf6 18. Qxg7 Rf8 19. Rxe7 Kxe7 20. Re1+ Kd7 21. Qxf6 Rae8 22. Bf5+ Kc7 23. Re7+ Kb6 24. Bd7 Qc5 25. Bxe8 Qg1+ 26. Kd2 Qxg2+ 27. Kd3 Qf1+ 28. Kd4 Qd1+ 29. Kc4 Qxc2+ 30. Kxb4 a5+ 31. Ka3 Qc5+ 32. Kb3 Rxe8 33. Rxe8 Qb5+ 34. Kc3 Qxe8 35. Qxd6+ Kb5 36. Qe5+ Kb6 37. Qxe8 1-0

[Event "CZE-chT2A 1718"]
[Site "Czech Republic"]
[Date "2017.12.17"]
[Round "5.4"]
[White "Bujak, Michal"]
[Black "Zanikov, Konstantin"]
[Result "1-0"]
[WhiteElo "2164"]
[BlackElo "2076"]
[PlyCount "59"]
[EventDate "2017.10.15"]
[EventType "team-tourn"]
[EventRounds "11"]
[EventCountry "CZE"]
[SourceTitle "EXT 2022"]
[Source "ChessBase"]
[SourceDate "2021.10.06"]
[SourceVersion "1"]
[SourceVersionDate "2021.10.06"]
[SourceQuality "1"]
[WhiteTeam "Praha Bohemians II"]
[BlackTeam "Praha Smichov"]
[WhiteTeamCountry "CZE"]
[BlackTeamCountry "CZE"]

1. e4 c5 2. Nf3 d6 3. d4 cxd4 4. Nxd4 Nf6 5. Nc3 a6 6. Bg5 e6 7. f4 Be7 8. Qf3 Nc6 9. Nxc6 bxc6 10. e5 Nd5 11. Bxe7 Qxe7 12. Ne4 dxe5 13. fxe5 0-0 14. Bd3 Qb4+ 15. c3 Qb6 16. 0-0-0 Qe3+ 17. Rd2 Qxf3 18. gxf3 Nf4 19. Nc5 Nxd3+ 20. Rxd3 Rb8 21. Rd6 Rb6 22. b4 a5 23. a3 axb4 24. axb4 Re8 25. Rhd1 f6 26. f4 Kf7 27. Kb2 Ba6 28. Rd7+ Kg6 29. Rg1+ Kf5 30. Rgxg7 1-0

[Event "CZE-chT2A 1718"]
[Site "Czech Republic"]
[Date "2017.10.15"]
[Round "1.3"]
[White "Bujak, Michal"]
[Black "Klement, Lukas"]
[Result "1-0"]
[WhiteElo "2164"]
[BlackElo "2262"]
[PlyCount "53"]
[EventDate "2017.10.15"]
[EventType "team-tourn"]
[EventRounds "11"]
[EventCountry "CZE"]
[SourceTitle "EXT 2022"]
[Source "ChessBase"]
[SourceDate "2021.10.06"]
[SourceVersion "1"]
[SourceVersionDate "2021.10.06"]
[SourceQuality "1"]
[WhiteTeam "Praha Bohemians II"]
[BlackTeam "Podborany"]
[WhiteTeamCountry "CZE"]
[BlackTeamCountry "CZE"]

1. e4 c5 2. Nf3 d6 3. d4 Nf6 4. Nc3 cxd4 5. Nxd4 a6 6. Bg5 e6 7. f4 h6 8. Bh4 Be7 9. e5 dxe5 10. fxe5 Nfd7 11. Nxe6 Bxh4+ 12. g3 fxe6 13. Qh5+ Ke7 14. Qxh4+ Kf7 15. Qf4+ Ke8 16. h4 Rf8 17. Qg4 Qb6 18. 0-0-0 Qe3+ 19. Kb1 Nxe5 20. Qxg7 Nbc6 21. Be2 Nf7 22. Bh5 Qc5 23. Ne4 Qe5 24. Nf6+ Ke7 25. Rhf1 b5 26. Ng8+ Rxg8 27. Qxf7# 1-0

[Event "CZE-chT rap"]
[Site "Pardubice"]
[Date "2016.07.17"]
[Round "7.4"]
[White "Drnovsek, Gal"]
[Black "Bujak, Michal"]
[Result "1/2-1/2"]
[WhiteElo "2359"]
[BlackElo "2161"]
[PlyCount "113"]
[EventDate "2016.07.14"]
[EventType "team-swiss"]
[EventRounds "7"]
[EventCountry "CZE"]
[SourceTitle "EXT 2017"]
[Source "ChessBase"]
[SourceDate "2016.10.25"]
[SourceVersion "1"]
[SourceVersionDate "2016.10.25"]
[SourceQuality "1"]
[WhiteTeam "Keresi Imenitni"]
[BlackTeam "Praha Bohemians"]
[WhiteTeamCountry "SLO"]
[BlackTeamCountry "CZE"]

1. d4 Nf6 2. c4 c5 3. d5 b5 4. cxb5 a6 5. f3 e6 6. e4 exd5 7. e5 Qe7 8. Qe2 Ng8 9. Nc3 Bb7 10. Nh3 d4 11. Ne4 Qe6 12. Nhg5 Qd5 13. Nh3 axb5 14. Nf4 Qc6 15. Qxb5 Ba6 16. Qxc6 Nxc6 17. Nd5 Kd8 18. Bg5+ Be7 19. Nd6 Nxe5 20. Nxe7 Nxe7 21. f4 Bxf1 22. Rxf1 N5c6 23. Nxf7+ Kc7 24. Nxh8 Rxh8 25. f5 Nd5 26. Kd2 Rb8 27. Rab1 Na5 28. b3 Nc3 29. Bf4+ d6 30. Rbc1 Re8 31. Rce1 Ra8 32. Re7+ Kc6 33. Rxg7 Ne4+ 34. Kd3 Kd5 35. f6 Nc6 36. a4 Nb4+ 37. Ke2 Nxf6 38. Rd7 Ne4 39. Kf3 Nc3 40. Re7 Ra6 41. Rxh7 Nc6 42. Rd7 Ne4 43. Re1 Rb6 44. g4 Rxb3+ 45. Kg2 d3 46. g5 Rb2+ 47. Kh3 d2 48. Bxd2 Rxd2 49. g6 Ng5+ 50. Kg3 Rd3+ 51. Kg4 Ne6 52. Rxe6 Kxe6 53. g7 Ne5+ 54. Kg5 Nf7+ 55. Kg6 Ne5+ 56. Kg5 Nf7+ 57. Kg6 1/2-1/2

[Event "CZE-chT2A 1112"]
[Site "Czech Republic"]
[Date "2011.12.04"]
[Round "4"]
[White "Bujak, Michal"]
[Black "Hruby, Milan"]
[Result "1/2-1/2"]
[WhiteElo "2195"]
[BlackElo "2107"]
[PlyCount "29"]
[EventDate "2011.10.09"]
[EventType "team-tourn"]
[EventRounds "11"]
[EventCountry "CZE"]
[SourceTitle "EXT 2013"]
[Source "ChessBase"]
[SourceDate "2012.11.22"]
[SourceVersion "1"]
[SourceVersionDate "2012.11.22"]
[SourceQuality "1"]
[WhiteTeam "Line"]
[BlackTeam "Tabor Sokol"]
[WhiteTeamCountry "CZE"]
[BlackTeamCountry "CZE"]

1. e4 e5 2. Nf3 Nc6 3. Bb5 a6 4. Ba4 Nf6 5. d4 exd4 6. 0-0 Be7 7. e5 Ne4 8. Nxd4 0-0 9. Qe2 Nc5 10. Bxc6 dxc6 11. Rd1 Qe8 12. Re1 Qd8 13. Rd1 Qe8 14. Re1 Qd8 15. Rd1 1/2-1/2

[Event "CZE-chT2B 0910"]
[Site "Czech Republic"]
[Date "2010.04.18"]
[Round "11.2"]
[White "Bujak, Michal"]
[Black "Wimmer, Miroslav"]
[Result "1-0"]
[WhiteElo "2206"]
[BlackElo "2064"]
[PlyCount "79"]
[EventDate "2009.10.18"]
[EventType "team-tourn"]
[EventRounds "11"]
[EventCountry "CZE"]
[SourceTitle "EXT 2012"]
[Source "ChessBase"]
[SourceDate "2011.11.24"]
[SourceVersion "1"]
[SourceVersionDate "2011.11.24"]
[SourceQuality "1"]
[WhiteTeam "Usti nad Labem"]
[BlackTeam "Karlovy Vary II"]
[WhiteTeamCountry "CZE"]
[BlackTeamCountry "CZE"]

1. e4 e6 2. d4 d5 3. e5 c5 4. Qg4 cxd4 5. Nf3 Nc6 6. Bd3 Nge7 7. 0-0 Ng6 8. Qg3 Be7 9. a3 Bd7 10. Re1 Rc8 11. b4 a6 12. Nbd2 0-0 13. Nb3 f5 14. Nbxd4 Bh4 15. Nxh4 Qxh4 16. Qxh4 Nxh4 17. Nb3 Nd8 18. a4 f4 19. Ba3 Bxa4 20. b5 Rf7 21. bxa6 bxa6 22. Bxa6 Rxc2 23. Nc5 Bc6 24. Bd3 Rc3 25. Bb4 Rxd3 26. Nxd3 d4 27. Rec1 Bb7 28. f3 g5 29. Nc5 Bd5 30. Ne4 Bxe4 31. fxe4 f3 32. Ra8 Nxg2 33. Rxd8+ Kg7 34. Bd2 g4 35. Rxd4 h5 36. Kf2 h4 37. Rd6 Re7 38. Rdc6 Kg6 39. Rc7 Re8 40. Rc8 1-0

[Event "CZE-chT2B 0910"]
[Site "Czech Republic"]
[Date "2010.02.28"]
[Round "8.2"]
[White "Cichy, Miroslav"]
[Black "Bujak, Michal"]
[Result "1-0"]
[WhiteElo "2149"]
[BlackElo "2206"]
[PlyCount "73"]
[EventDate "2009.10.18"]
[EventType "team-tourn"]
[EventRounds "11"]
[EventCountry "CZE"]
[SourceTitle "EXT 2012"]
[Source "ChessBase"]
[SourceDate "2011.11.24"]
[SourceVersion "1"]
[SourceVersionDate "2011.11.24"]
[SourceQuality "1"]
[WhiteTeam "Most Marty"]
[BlackTeam "Usti nad Labem"]
[WhiteTeamCountry "CZE"]
[BlackTeamCountry "CZE"]

1. e4 c5 2. f4 d5 3. exd5 Qxd5 4. Nc3 Qd8 5. Bb5+ Bd7 6. Qe2 Nc6 7. Nf3 Nf6 8. 0-0 Nd4 9. Nxd4 cxd4 10. Ne4 Nxe4 11. Bxd7+ Qxd7 12. Qxe4 Rc8 13. c3 e6 14. Rf3 f5 15. Qe1 Bc5 16. Kh1 d3 17. b3 b5 18. Bb2 Bb6 19. Ba3 Kf7 20. Qh4 Rhe8 21. Rh3 h6 22. Qh5+ Kg8 23. Qg6 e5 24. Rxh6 e4 25. Qh7+ Kf7 26. Rd6 Qb7 27. Qxf5+ Kg8 28. Rd7 Qxd7 29. Qxd7 Rcd8 30. Qxb5 e3 31. dxe3 d2 32. Bd6 Rxe3 33. Qd5+ Kh8 34. Qxd2 Re6 35. Rd1 Bc7 36. Qf2 Bxd6 37. Qh4+ 1-0

[Event "CZE-chT2B 0910"]
[Site "Czech Republic"]
[Date "2010.01.31"]
[Round "6.2"]
[White "Bargel, Martin"]
[Black "Bujak, Michal"]
[Result "0-1"]
[WhiteElo "2192"]
[BlackElo "2206"]
[PlyCount "56"]
[EventDate "2009.10.18"]
[EventType "team-tourn"]
[EventRounds "11"]
[EventCountry "CZE"]
[SourceTitle "EXT 2012"]
[Source "ChessBase"]
[SourceDate "2011.11.24"]
[SourceVersion "1"]
[SourceVersionDate "2011.11.24"]
[SourceQuality "1"]
[WhiteTeam "Neratovice"]
[BlackTeam "Usti nad Labem"]
[WhiteTeamCountry "CZE"]
[BlackTeamCountry "CZE"]

1. e4 c5 2. Nf3 d6 3. d4 cxd4 4. Nxd4 Nf6 5. Nc3 a6 6. Bg5 e6 7. f4 Nbd7 8. Qf3 Qc7 9. 0-0-0 b5 10. e5 Bb7 11. Qh3 dxe5 12. Nxe6 fxe6 13. Qxe6+ Be7 14. Bxb5 axb5 15. Nxb5 Qc6 16. Nd6+ Kd8 17. fxe5 Kc7 18. Bxf6 gxf6 19. b4 fxe5 20. Qxe7 Rxa2 21. c4 Ra1+ 22. Kb2 Qxg2+ 23. Kxa1 Ra8+ 24. Kb1 Qa2+ 25. Kc1 Qa1+ 26. Kd2 Qd4+ 27. Ke1 Qe3+ 28. Kf1 Qf3+ 0-1

[Event "CZE-chT1W 0910"]
[Site "Czech Republic"]
[Date "2010.01.24"]
[Round "7.6"]
[White "Bujak, Michal"]
[Black "Bujnoch, Radek"]
[Result "1-0"]
[WhiteElo "2206"]
[BlackElo "2196"]
[PlyCount "69"]
[EventDate "2009.10.11"]
[EventType "team-tourn"]
[EventRounds "11"]
[EventCountry "CZE"]
[SourceTitle "EXT 2011"]
[Source "ChessBase"]
[SourceDate "2010.11.26"]
[SourceVersion "1"]
[SourceVersionDate "2010.11.26"]
[SourceQuality "1"]
[WhiteTeam "Teplice"]
[BlackTeam "Chrudim"]
[WhiteTeamCountry "CZE"]
[BlackTeamCountry "CZE"]

1. e4 c5 2. Nf3 Nc6 3. d4 cxd4 4. Nxd4 Nf6 5. Nc3 e5 6. Ndb5 d6 7. a4 a6 8. Na3 Bg4 9. f3 Be6 10. Bg5 Nb4 11. Bc4 Rc8 12. Bxf6 gxf6 13. Nd5 Bxd5 14. exd5 a5 15. Qe2 Qb6 16. c3 Na6 17. Bb5+ Ke7 18. Nc4 Qc7 19. Ne3 Qb6 20. Nc4 Qc7 21. f4 Rg8 22. Rf1 Bh6 23. fxe5 fxe5 24. Qf3 Kf8 25. Nxd6 Bf4 26. Nxc8 Qxc8 27. g3 Nc5 28. gxf4 e4 29. Qf2 Rg6 30. 0-0-0 b6 31. f5 Rd6 32. f6 Nd3+ 33. Rxd3 exd3 34. Qf4 d2+ 35. Kd1 1-0

[Event "CZE-chT1W 0809"]
[Site "Czech Republic"]
[Date "2009.03.01"]
[Round "9.3"]
[White "Bujak, Michal"]
[Black "Tichy, Vladimir"]
[Result "0-1"]
[WhiteElo "2233"]
[BlackElo "2256"]
[PlyCount "64"]
[EventDate "2008.10.19"]
[EventType "team-tourn"]
[EventRounds "11"]
[EventCountry "CZE"]
[SourceTitle "EXT 2010"]
[Source "ChessBase"]
[SourceDate "2010.11.25"]
[SourceVersion "1"]
[SourceVersionDate "2010.11.25"]
[SourceQuality "1"]
[WhiteTeam "Plzen"]
[BlackTeam "Vysehrad"]
[WhiteTeamCountry "CZE"]
[BlackTeamCountry "CZE"]

1. e4 e5 2. Nf3 Nc6 3. Bb5 a6 4. Ba4 Nf6 5. d4 exd4 6. 0-0 Be7 7. e5 Ne4 8. Nxd4 Nxd4 9. Qxd4 Nc5 10. Nc3 0-0 11. Nd5 Nxa4 12. Qxa4 d6 13. Rd1 dxe5 14. Nf6+ Bxf6 15. Rxd8 Rxd8 16. Be3 Bd7 17. Qb4 Bc6 18. f3 Rd5 19. a4 Rad8 20. Re1 g6 21. Kf2 h5 22. h4 R8d7 23. Re2 a5 24. Qc4 Rd1 25. Re1 R1d6 26. Bc5 Re6 27. g3 e4 28. fxe4 Bxb2 29. c3 Rd2+ 30. Re2 Rxe2+ 31. Qxe2 Bxc3 32. Qd3 Bf6 0-1

[Event "CZE-chT1W 0809"]
[Site "Czech Republic"]
[Date "2008.11.02"]
[Round "2.4"]
[White "Kucera, Petr"]
[Black "Bujak, Michal"]
[Result "1-0"]
[WhiteElo "2305"]
[BlackElo "2233"]
[PlyCount "43"]
[EventDate "2008.10.19"]
[EventType "team-tourn"]
[EventRounds "11"]
[EventCountry "CZE"]
[SourceTitle "EXT 2010"]
[Source "ChessBase"]
[SourceDate "2010.11.25"]
[SourceVersion "1"]
[SourceVersionDate "2010.11.25"]
[SourceQuality "1"]
[WhiteTeam "Novoborsky II"]
[BlackTeam "Plzen"]
[WhiteTeamCountry "CZE"]
[BlackTeamCountry "CZE"]

1. d4 Nf6 2. c4 c5 3. d5 b5 4. cxb5 a6 5. f3 e6 6. e4 d6 7. Nc3 Bb7 8. bxa6 Bxa6 9. Bxa6 Nxa6 10. Nge2 Nb4 11. Bg5 Be7 12. a3 Na6 13. dxe6 fxe6 14. Qb3 Kf7 15. e5 dxe5 16. Rd1 Qc7 17. Qc4 Rhb8 18. 0-0 Rxb2 19. f4 e4 20. Nxe4 Nxe4 21. Qxe4 Qb7 22. Qxh7 1-0

[Event "Teplice op 3rd"]
[Site "Teplice"]
[Date "2008.06.17"]
[Round "4"]
[White "Bujak, Michal"]
[Black "Cenek, Miroslav"]
[Result "1-0"]
[WhiteElo "2286"]
[BlackElo "2018"]
[PlyCount "41"]
[EventDate "2008.06.14"]
[EventType "swiss"]
[EventRounds "9"]
[EventCountry "CZE"]
[SourceTitle "CBM 125 Extra"]
[Source "ChessBase"]
[SourceDate "2008.09.01"]
[SourceVersion "1"]
[SourceVersionDate "2008.09.01"]
[SourceQuality "1"]

1. e4 d6 2. d4 Nf6 3. Nc3 g6 4. Be3 Bg7 5. Qd2 0-0 6. f3 c6 7. Bh6 Nbd7 8. h4 Qa5 9. h5 Nxh5 10. g4 Nhf6 11. 0-0-0 Re8 12. Bxg7 Kxg7 13. Qh6+ Kg8 14. Nge2 Nf8 15. Ng3 b5 16. e5 dxe5 17. dxe5 Nd5 18. Nxd5 cxd5 19. Bd3 Qc7 20. Rde1 a6 21. Nh5 1-0

[Event "Teplice op 3rd"]
[Site "Teplice"]
[Date "2008.06.15"]
[Round "2"]
[White "Bujak, Michal"]
[Black "Dolezal, Radoslav1111"]
[Result "1-0"]
[WhiteElo "2286"]
[BlackElo "2023"]
[PlyCount "39"]
[EventDate "2008.06.14"]
[EventType "swiss"]
[EventRounds "9"]
[EventCountry "CZE"]
[SourceTitle "CBM 125 Extra"]
[Source "ChessBase"]
[SourceDate "2008.09.01"]
[SourceVersion "1"]
[SourceVersionDate "2008.09.01"]
[SourceQuality "1"]

1. e4 e5 2. Nf3 Nc6 3. Bb5 a6 4. Ba4 Nf6 5. d4 exd4 6. 0-0 Bc5 7. e5 Nd5 8. c3 0-0 9. cxd4 Ba7 10. Nc3 Nxc3 11. bxc3 d5 12. Bg5 Ne7 13. Bc2 Qe8 14. Nh4 c5 15. Qd3 Ng6 16. Rad1 cxd4 17. cxd4 Bd7 18. Nf5 Bb5 19. Qh3 Qe6 20. Ne7+ 1-0

[Event "CZE-chT 0708"]
[Site "Czech Republic"]
[Date "2008.02.03"]
[Round "7.6"]
[White "Kanovsky, David"]
[Black "Bujak, Michal"]
[Result "1/2-1/2"]
[WhiteElo "2396"]
[BlackElo "2286"]
[PlyCount "93"]
[EventDate "2007.11.17"]
[EventType "team-tourn"]
[EventRounds "11"]
[EventCountry "CZE"]
[SourceTitle "EXT 2009"]
[Source "ChessBase"]
[SourceDate "2008.11.26"]
[SourceVersion "1"]
[SourceVersionDate "2008.11.26"]
[SourceQuality "1"]
[WhiteTeam "Grygov"]
[BlackTeam "Plzen"]
[WhiteTeamCountry "CZE"]
[BlackTeamCountry "CZE"]

1. e4 e5 2. Nf3 Nc6 3. Bc4 Nf6 4. d3 Be7 5. 0-0 0-0 6. c3 h6 7. Re1 d6 8. b4 Be6 9. Nbd2 Bxc4 10. Nxc4 b5 11. Ne3 a5 12. bxa5 Re8 13. Bd2 Qd7 14. a4 bxa4 15. c4 Nxa5 16. Qxa4 Qxa4 17. Rxa4 Nb3 18. Rxa8 Rxa8 19. Rb1 Nxd2 20. Nxd2 Nd7 21. Nd5 Bd8 22. Nb3 c6 23. Nc3 Ra3 24. Kf1 Bb6 25. Ke2 Nf8 26. f3 Ne6 27. Kd2 h5 28. Rb2 h4 29. Ne2 h3 30. gxh3 Kh7 31. Nbc1 Ba7 32. Ra2 Rxa2+ 33. Nxa2 Bc5 34. Kc3 Be3 35. Nb4 Ng5 36. Nxc6 Nxf3 37. d4 exd4+ 38. Ncxd4 Nxh2 39. Kd3 Bf2 40. Nc3 g6 41. Ndb5 Bg3 42. e5 Bxe5 43. Ne4 d5 44. cxd5 f5 45. Ng5+ Kg7 46. d6 Bf6 47. Nc7 1/2-1/2

[Event "CZE-chT2b 0607"]
[Site "Czech Republic"]
[Date "2007.04.15"]
[Round "11"]
[White "Bujak, Michal"]
[Black "Stastny, Jan"]
[Result "1-0"]
[WhiteElo "2205"]
[BlackElo "2228"]
[PlyCount "85"]
[EventDate "2006.10.15"]
[EventType "team"]
[EventRounds "11"]
[EventCountry "CZE"]
[SourceTitle "EXT 2009"]
[Source "ChessBase"]
[SourceDate "2008.11.26"]
[SourceVersion "1"]
[SourceVersionDate "2008.11.26"]
[SourceQuality "1"]

1. e4 c5 2. Nf3 Nc6 3. d4 cxd4 4. Nxd4 Nf6 5. Nc3 e5 6. Ndb5 d6 7. a4 a6 8. Na3 Be6 9. Bg5 Be7 10. Bxf6 gxf6 11. Bc4 Nd4 12. Nd5 Rc8 13. c3 Nc6 14. Qh5 0-0 15. 0-0 Kh8 16. Ne3 Rg8 17. Rfd1 Rg5 18. Qf3 Qg8 19. h4 Rg6 20. Nf5 Bxf5 21. exf5 Rg7 22. Bd5 Rc7 23. Nc4 Rg4 24. Ne3 Rxh4 25. g3 Bd8 26. Kf1 Rh2 27. Ng4 e4 28. Bxe4 Ne5 29. Nxe5 fxe5 30. f6 Rd7 31. Qf5 Bb6 32. Qxd7 Rxf2+ 33. Ke1 Rxf6 34. Qh3 h6 35. Rd2 Qg5 36. Re2 h5 37. Qh4 Qh6 38. Rd1 Be3 39. Rd3 Bg5 40. Qh3 h4 41. Kd1 Qh5 42. gxh4 Bxh4 43. Rg3 1-0

[Event "CZE-chT2b 0607"]
[Site "Czech Republic"]
[Date "2007.03.25"]
[Round "10"]
[White "Bujak, Michal"]
[Black "Hrbolka, Ladislav"]
[Result "1-0"]
[WhiteElo "2205"]
[BlackElo "2145"]
[PlyCount "133"]
[EventDate "2006.10.15"]
[EventType "team"]
[EventRounds "11"]
[EventCountry "CZE"]
[SourceTitle "EXT 2009"]
[Source "ChessBase"]
[SourceDate "2008.11.26"]
[SourceVersion "1"]
[SourceVersionDate "2008.11.26"]
[SourceQuality "1"]

1. e4 c5 2. Nf3 Nc6 3. d4 cxd4 4. Nxd4 Qb6 5. Nb3 Nf6 6. Nc3 e6 7. Bd3 d6 8. 0-0 a6 9. a4 Qc7 10. a5 Be7 11. Be3 Bd7 12. Bb6 Qb8 13. f4 0-0 14. Na4 Nb4 15. Re1 Nxd3 16. Qxd3 Qe8 17. Nc3 Rc8 18. e5 dxe5 19. fxe5 Nd5 20. Nxd5 exd5 21. Nd4 Be6 22. Re3 Qd7 23. Rf1 Bg4 24. Rg3 Be6 25. Rf6 Bxf6 26. exf6 g6 27. Qe3 Kh8 28. Qh6 Rg8 29. Nf3 g5 30. Rxg5 Rg6 31. Rxg6 fxg6 32. f7 Qxf7 33. Bd4+ Kg8 34. Ng5 Qe7 35. Nxe6 Rc6 36. Qg7+ Qxg7 37. Nxg7 Kf7 38. c3 Rc4 39. Kf2 Ra4 40. b4 Ra2+ 41. Kf3 Rd2 42. Be5 Rd1 43. Ke2 Rg1 44. Kf2 Rd1 45. h4 Rd2+ 46. Kf3 Rd1 47. Ke2 Rg1 48. Kf2 Rd1 49. g3 Rb1 50. Ke3 Rd1 51. h5 Ke7 52. Kf4 Kf7 53. Kg5 Re1 54. Bd4 Rh1 55. Kh6 Rh3 56. Be5 Rh1 57. Bd4 Rh3 58. g4 Rh4 59. Kxh7 Rxg4 60. hxg6+ Rxg6 61. Nf5 Rc6 62. Nh6+ Kf8 63. Ng4 Ke7 64. Ne3 Ke6 65. Kg6 Rc8 66. Nf5 Rg8+ 67. Ng7+ 1-0

[Event "Teplice op 1st"]
[Site "Teplice"]
[Date "2006.06.23"]
[Round "8"]
[White "Bujak, Michal"]
[Black "Stross, Frantisek"]
[Result "1/2-1/2"]
[WhiteElo "2198"]
[BlackElo "2227"]
[PlyCount "33"]
[EventDate "2006.06.17"]
[EventType "swiss"]
[EventRounds "9"]
[EventCountry "CZE"]
[SourceTitle "CBM 112 Extra"]
[Source "ChessBase"]
[SourceDate "2006.07.14"]
[SourceVersion "1"]
[SourceVersionDate "2006.07.14"]
[SourceQuality "1"]

1. e4 e5 2. Nf3 Nc6 3. d4 exd4 4. Bc4 Nf6 5. 0-0 Nxe4 6. Re1 d5 7. Bxd5 Qxd5 8. Nc3 Qa5 9. Nxe4 Be6 10. Bd2 Qd5 11. Bg5 Bd6 12. Bf6 0-0 13. Nxd4 Nxd4 14. Qxd4 Qxd4 15. Bxd4 Rfd8 16. Rad1 b6 17. Nxd6 1/2-1/2